|
|
|
|
| LEADER |
03370nam a22004575i 4500 |
| 001 |
978-1-4614-4815-0 |
| 003 |
DE-He213 |
| 005 |
20150519180919.0 |
| 007 |
cr nn 008mamaa |
| 008 |
120913s2013 xxu| s |||| 0|eng d |
| 020 |
|
|
|a 9781461448150
|9 978-1-4614-4815-0
|
| 024 |
7 |
|
|a 10.1007/978-1-4614-4815-0
|2 doi
|
| 040 |
|
|
|d GrThAP
|
| 050 |
|
4 |
|a RS380
|
| 050 |
|
4 |
|a RS190-210
|
| 072 |
|
7 |
|a TDCW
|2 bicssc
|
| 072 |
|
7 |
|a MED072000
|2 bisacsh
|
| 082 |
0 |
4 |
|a 615.19
|2 23
|
| 245 |
1 |
0 |
|a Microdialysis in Drug Development
|h [electronic resource] /
|c edited by Markus Müller.
|
| 264 |
|
1 |
|a New York, NY :
|b Springer New York :
|b Imprint: Springer,
|c 2013.
|
| 300 |
|
|
|a XII, 340 p.
|b online resource.
|
| 336 |
|
|
|a text
|b txt
|2 rdacontent
|
| 337 |
|
|
|a computer
|b c
|2 rdamedia
|
| 338 |
|
|
|a online resource
|b cr
|2 rdacarrier
|
| 347 |
|
|
|a text file
|b PDF
|2 rda
|
| 490 |
1 |
|
|a AAPS Advances in the Pharmaceutical Sciences Series,
|x 2210-7371 ;
|v 4
|
| 505 |
0 |
|
|a Introduction to the Microdialysis Technology -- Recovery and Calibration Techniques: Toward Quantitative Microdialysis -- Analytical Considerations for Microdialysis Sampling -- Regulatory Aspects of Microdialysis: A United States Food & Drug Administration Perspective -- Microdialysis in CNS PKPD Research: Unraveling Unbound Concentrations -- Microdialysis in Antibiotic Research -- Skin and Transdermal Drug Delivery: Advantages and Challenges -- Translational Approaches For Predicting CNS Drug Effects Using Microdialysis -- Extracellular Amyloid-β Protein Dynamics in Alzheimer's Disease -- Microdialysis in Pain Research -- Microdialysis in Ocular Drug Development -- Microdialysis in Metabolic Research -- High Molecular Weight Targets and Treatments Using Microdialysis -- Complementary Techniques – Positron Emission Tomography -- Open Flow Microperfusion: An Alternative Method to Microdialysis? -- Microdialysis in Internal Organs and Tumors.
|
| 520 |
|
|
|a In vivo target site concentrations are probably the most important determinant of drug effects. Traditionally, linking drug concentrations to drug effects has been accomplished by modelling blood-derived data, mostly because a direct quantification of tissue concentrations has been beyond technical reach. Today, a direct measurement of target site concentrations is possible by employing microdialysis or complementary approaches such as imaging technologies. Microdialysis, initially conceived in the 1970ies, has become a standard tool in drug development. This comprehensive overview of current microdialysis technology covers general and disease-specific aspects of microdialysis by international experts in the field. It provides useful information for colleagues in academia and industry who are interested PK-PD aspects of drug development.
|
| 650 |
|
0 |
|a Medicine.
|
| 650 |
|
0 |
|a Pharmaceutical technology.
|
| 650 |
1 |
4 |
|a Biomedicine.
|
| 650 |
2 |
4 |
|a Pharmaceutical Sciences/Technology.
|
| 650 |
2 |
4 |
|a Biomedicine general.
|
| 700 |
1 |
|
|a Müller, Markus.
|e editor.
|
| 710 |
2 |
|
|a SpringerLink (Online service)
|
| 773 |
0 |
|
|t Springer eBooks
|
| 776 |
0 |
8 |
|i Printed edition:
|z 9781461448143
|
| 830 |
|
0 |
|a AAPS Advances in the Pharmaceutical Sciences Series,
|x 2210-7371 ;
|v 4
|
| 856 |
4 |
0 |
|u http://dx.doi.org/10.1007/978-1-4614-4815-0
|z Full Text via HEAL-Link
|
| 912 |
|
|
|a ZDB-2-SBL
|
| 950 |
|
|
|a Biomedical and Life Sciences (Springer-11642)
|